000 00425nam a2200181Ia 4500
005 20250603145507.0
008 250603s9999 xx 000 0 und d
020 _a9781840140989
050 _aJZ 5538 .J46/
100 _aJeong, Ho-Won
245 0 _aPeace and conflict studies: an introduction
260 _aNew York
260 _bRoutledge
260 _c2022
300 _a266 p
650 _aNew York
942 _cBK
999 _c42020
_d42020